[Event "Buenos Aires WOBRON"]
[Site "Buenos Aires"]
[Date "1971.??.??"]
[Round "2"]
[White "Rubinetti, Jorge A"]
[Black "Quinteros, Miguel A"]
[Result "0-1"]
[WhiteElo "2425"]
[BlackElo "2465"]

1.d4 Nf6 2.c4 e6 3.g3 c5 4.Nf3 cxd4 5.Nxd4 d5 6.Bg2 e5 7.Nf3 d4 8.O-O Nc6
9.e3 Be7 10.exd4 exd4 11.Bf4 O-O 12.Ne5 Qb6 13.Nxc6 bxc6 14.Nd2 Be6 15.Qb3 Qa6
16.Rfe1 Nd7 17.Qf3 Rac8 18.Nb3 Qb6 19.Qd3 c5 20.Bd2 Bd6 21.f4 Qa6 22.Na5 g6
23.Bb7 Qb6 24.Bxc8 Rxc8 25.b3 Nf6 26.Qf3 Rc7 27.a3 Bf5 28.Ra2 h5 29.Rb2 Re7
30.Rxe7 Bxe7 31.Nc6 Bd6 32.Ne5 Be4 33.Qf1 Ba8 34.h3 Nh7 35.Be1 Bxe5 36.fxe5 Ng5
37.Qf6 Qb7 38.Kf1 Qh1+ 39.Ke2 Bf3+ 40.Kd3 Qf1+ 41.Kc2 Be4+ 42.Kd2 Bf3 43.Kc2 Qxe1  0-1

[Event "Novy Smokovec"]
[Site "Novy Smokovec"]
[Date "1971.??.??"]
[Round "9"]
[White "Zilberstein, Valery I"]
[Black "Privara, Igor"]
[Result "0-1"]
[WhiteElo "2200"]
[BlackElo "2200"]

1.d4 Nf6 2.c4 e6 3.g3 c5 4.d5 exd5 5.cxd5 d6 6.Nc3 g6 7.Bg2 Bg7 8.Nf3 O-O
9.O-O a6 10.a4 Nbd7 11.Nd2 Re8 12.Nc4 Ne5 13.Na3 Nh5 14.e3 b5 15.Ne2 b4 16.Nc2 Nc4
17.Rb1 b3 18.Na1 Bf5 19.e4 Rxe4 20.Bxe4 Bxe4 21.Qxb3 Ne5 22.f4 Bxb1 23.fxe5 Bxe5
24.Qf3 Qd7 25.g4 Nf6 26.Bf4 Be4 27.Qg3 Bxb2 28.Bxd6 Qxg4 29.Qxg4 Nxg4 30.Nb3 c4
31.Nc5 Bxd5 32.Rb1 Be5 33.Bxe5 Nxe5 34.Nc3 Be6 35.a5 Nc6 36.Ra1 Kf8 37.N3a4 Ke7
38.Nb6 Ra7 39.Re1 Kf6 40.Nxe6 fxe6 41.Nxc4 Rb7 42.Rf1+ Ke7 43.Rc1 Rb5 44.Nd2 Ne5
45.Rc7+ Nd7 46.Ra7 Rxa5 47.Nc4 Rb5 48.Rxa6 Kf6 49.Ra7 Rd5 50.Kf2 h5 51.Ke2 Ne5
52.Nd2 Rd4 53.Ra6 Kf5 54.Ra8 Rh4 55.Rf8+ Kg5 56.Rf2 Kh6 57.Nf1 Kg5 58.Nd2 Rf4
59.Rg2+ Kf5 60.Rg1 g5 61.h3 g4 62.hxg4+ hxg4 63.Rh1 g3 64.Rh5+ Kf6 65.Rh6+ Kf5
66.Rh5+ Kf6 67.Rh6+ Kg5 68.Rxe6 Kf5 69.Ra6 Rf2+ 70.Ke3 Ng4+ 71.Kd3 g2 72.Ra1 Nh2
73.Ke3 Ng4+ 74.Kd3 Kf4 75.Kc3  0-1

[Event "Esbjerg op"]
[Site "Esbjerg"]
[Date "1972.??.??"]
[Round "3"]
[White "Fedder, Steen"]
[Black "Rosell, Kaj"]
[Result "1/2-1/2"]
[WhiteElo "2370"]
[BlackElo "2200"]

1.d4 Nf6 2.c4 e6 3.g3 c5 4.Nf3 cxd4 5.Nxd4 d5 6.Bg2 e5 7.Nb3 d4 8.O-O Nc6
9.e3 a5 10.exd4 a4 11.Nc5 exd4 12.Re1+ Be7 13.Bf4 O-O 14.Nd3 Bg4 15.Qc1 Bf5
16.Ne5 Nxe5 17.Rxe5 Be6 18.Na3 Nd7 19.Re1 Bxa3  1/2-1/2

[Event "URS-chT Moscow"]
[Site "Moscow"]
[Date "1972.??.??"]
[Round "?"]
[White "Zilberstein, Valery I"]
[Black "Osnos, Viatcheslav"]
[Result "1/2-1/2"]
[WhiteElo "2200"]
[BlackElo "2510"]

1.d4 Nf6 2.c4 e6 3.g3 c5 4.d5 exd5 5.cxd5 d6 6.Bg2 g6 7.Nf3 b5 8.O-O Bg7
9.e4 Nfd7 10.Bg5 f6 11.Bf4 Ne5 12.Nxe5 fxe5 13.Be3 O-O 14.a4 bxa4 15.Qxa4 Bd7
16.Qa5 Bf6 17.Nd2 Qxa5 18.Rxa5 Bd8 19.Ra3 a5 20.Rc1 Bc7 21.Nc4 Bb5 22.Nxe5 Bd8
23.Nc4 Bxc4 24.Rxc4 Bf6 25.Rca4 Bxb2 26.Rxa5 Rxa5 27.Rxa5 Nd7 28.Ra6 Ne5
29.Rxd6 Nc4 30.Bxc5 Nxd6 31.Bxd6 Rc8 32.Bf4 Bd4 33.h4 Rc2 34.e5 Rxf2 35.Kh2 Re2
36.d6 Kf7 37.Kh3 Ke6 38.Bf3 Rxe5  1/2-1/2

[Event "Skopje ol (Men) prel"]
[Site "Skopje"]
[Date "1972.??.??"]
[Round "1"]
[White "Pustina, Ylvi"]
[Black "Kaplan, Julio P"]
[Result "1/2-1/2"]
[WhiteElo "2280"]
[BlackElo "2470"]

1.d4 Nf6 2.c4 e6 3.g3 c5 4.Nf3 cxd4 5.Nxd4 d5 6.Bg2 e5 7.Nc2 d4 8.f4 Bd6
9.O-O Nc6 10.fxe5 Bxe5 11.Ne1 O-O 12.Nd3 Bd6 13.Bg5 Be7 14.Bxf6 Bxf6 15.Nd2 Bg5
16.Kh1 Be3 17.b4 Qe7 18.b5 Ne5 19.Nxe5 Qxe5 20.Nb3 Be6 21.Qd3 Rac8 22.c5 f5
23.Rad1 Rcd8 24.Na5 Bd5 25.Nc4 Bxg2+ 26.Kxg2 Qd5+ 27.Rf3 f4 28.Qb3 g5 29.Nxe3 Qxb3
30.axb3 fxe3 31.Rxf8+ Kxf8 32.Kf3 Ke7 33.Ke4 Rf8 34.Rxd4 Rf2 35.Kxe3 Rxh2
36.c6 bxc6 37.bxc6 Rh6 38.Rd7+ Ke8 39.Rxa7 Rxc6 40.Kd4 Rb6 41.Kc4 Re6 42.Kd3 Rb6
43.Kc4 Re6 44.Ra5 Re4+ 45.Kd3 Rg4 46.Re5+ Kd7 47.Re3 h5 48.Rf3 Kd6 49.Ke3 Ke5
50.Kf2 Rb4 51.Rc3 Rb8 52.Kf3 Rf8+ 53.Ke3 h4 54.gxh4 gxh4 55.Rc5+ Kd6 56.Rh5 Rb8
57.Kf4 Rxb3 58.e4 h3 59.Rh6+ Ke7 60.Kf5 Rf3+  1/2-1/2

[Event "Skopje ol (Men) fin-B"]
[Site "Skopje"]
[Date "1972.??.??"]
[Round "11"]
[White "Pustina, Ylvi"]
[Black "Cuellar Gacharna, Miguel"]
[Result "0-1"]
[WhiteElo "2280"]
[BlackElo "2395"]

1.d4 Nf6 2.c4 e6 3.g3 c5 4.d5 exd5 5.cxd5 d6 6.Nc3 g6 7.Bg2 Bg7 8.Nf3 O-O
9.O-O Na6 10.Nd2 Nc7 11.a4 b6 12.Re1 Ba6 13.e4 Nd7 14.Bf1 Bxf1 15.Rxf1 Re8
16.Nc4 Qe7 17.Bf4 Ne5 18.Bxe5 Bxe5 19.Nb5 a6 20.Nxc7 Qxc7 21.Qc2 Bd4 22.Kg2 b5
23.Nd2 Qe7 24.Rae1 Rab8 25.axb5 axb5 26.f4 Qb7 27.Nf3 Bg7 28.h4 Ra8 29.b3 Rec8
30.h5 c4 31.hxg6 hxg6 32.Rf2 Ra3 33.bxc4 Rxc4 34.Qd2 Rcc3 35.f5 Qe7 36.fxg6 fxg6
37.Qf4 b4 38.Qg4 Qe8 39.e5 dxe5 40.d6 Qf7 41.Rd2 Bf6 42.Qxb4 Kg7 43.Ree2 Re3
44.Rc2 Bd8 45.Qb8 Rxf3 46.Qxd8 Rxg3+ 47.Kh2 Rh3+ 48.Kg1 Ra1+ 49.Kg2 Qd5+
50.Kxh3 Qh1+ 51.Kg4 Qh5+ 52.Kg3 Ra3+ 53.Kg2 Qh3+  0-1

[Event "SWE-ch"]
[Site "?"]
[Date "1972.??.??"]
[Round "3"]
[White "Lekander, Rolf"]
[Black "Kinnmark, Ove"]
[Result "1-0"]
[WhiteElo "2200"]
[BlackElo "2410"]

1.d4 Nf6 2.c4 e6 3.g3 c5 4.d5 exd5 5.cxd5 d6 6.Nc3 g6 7.Bg2 Bg7 8.Nf3 O-O
9.O-O a6 10.a4 Nbd7 11.Nd2 Rb8 12.Nc4 Ne8 13.Bf4 Nb6 14.Na3 Na8 15.Qd2 Qc7
16.Rac1 Bd7 17.Ne4 b6 18.Nc4 Bxa4 19.Ncxd6 Qd7 20.Nxf7 Nec7 21.Nfg5 Rbe8
22.d6  1-0

[Event "CAN-ch"]
[Site "Toronto"]
[Date "1972.??.??"]
[Round "14"]
[White "Macskasy, Elod"]
[Black "Amos, Bruce M"]
[Result "0-1"]
[WhiteElo "2280"]
[BlackElo "2415"]

1.d4 Nf6 2.c4 e6 3.g3 c5 4.d5 exd5 5.cxd5 d6 6.Bg2 g6 7.e4 Bg7 8.Ne2 O-O
9.Nbc3 Re8 10.f3 a6 11.a4 Nbd7 12.O-O Qc7 13.Be3 Rb8 14.Rc1 Ne5 15.b3 b5
16.axb5 axb5 17.Qd2 Bd7 18.h3 b4 19.Nd1 Bb5 20.Nf2 Ra8 21.Rfe1 Ra3 22.f4 Ned7
23.e5 dxe5 24.fxe5 Qxe5 25.Bf4 Qxe2 26.Rxe2 Rxe2 27.Qd1 Raa2 28.Bf1 Rxf2
29.Bxb5 Nh5 30.Be3 Rg2+ 31.Kf1 Nxg3+ 32.Ke1 Bh6 33.Qf3 Ne5 34.Qxg2 Rxg2 35.Bxh6 Nf3+
36.Kd1 Rg1+ 37.Kc2 Nd4+ 38.Kd3 Rxc1 39.Bxc1 Nxb5 40.Kc4 Nd4 41.d6 Kf8 42.Kxc5 Nxb3+
43.Kb6 Ke8 44.Be3 Kd7 45.Kb5 Nf5 46.Bf4 Nbd4+ 47.Kxb4 Nxd6 48.Bd2 Ke6  0-1

[Event "CAN-ch"]
[Site "Toronto"]
[Date "1972.??.??"]
[Round "16"]
[White "Macskasy, Elod"]
[Black "Witt, Laszlo"]
[Result "1/2-1/2"]
[WhiteElo "2280"]
[BlackElo "2325"]

1.d4 Nf6 2.c4 e6 3.g3 c5 4.d5 exd5 5.cxd5 d6 6.Bg2 g6 7.Nh3 Bg7 8.Nf4 O-O
9.h4 Re8 10.Nc3 Nbd7 11.O-O a6 12.a4 b6 13.Nd3 Rb8 14.Bf4 Qe7 15.Re1 Nh5
16.Bg5 f6 17.Bd2 Ne5 18.Nxe5 fxe5 19.Bg5 Qd7 20.Qd2 Rf8 21.Rf1 b5 22.axb5 axb5
23.Ne4 Nf6 24.Bxf6 Bxf6 25.Ra5 Bd8 26.Ra2 Qe7 27.Rfa1 Bb6 28.Ra8 Rxa8 29.Rxa8 Qb7
30.Ra1 Qe7 31.Qg5 Bd8 32.Qh6 Bf5 33.Ng5 Bb6 34.Ra6 Rb8 35.Ne4 c4 36.h5 Bxe4
37.Bxe4 Qg7 38.Qg5 gxh5 39.Qh4 Bc5 40.Kg2 Rf8 41.f3 Qh6 42.Qe7 Qg7 43.Qe6+ Kh8
44.Rc6 Qf7 45.Qh3 b4 46.Rc8 Rxc8 47.Qxc8+ Kg7 48.Qd8 Qf6 49.Qe8 Qf7 50.Qb5 Qa7
51.Kh3 c3 52.bxc3 bxc3 53.Bc2 Bd4 54.Qc6 Qe7 55.Kg2 Bc5 56.Qc8 Qf6 57.Qd7+ Qf7
58.Qd8 Kh6 59.Be4 Kg7 60.Qg5+ Kf8 61.Qh6+ Kg8 62.Kh3 Kh8 63.Qg5 Bb6 64.Bf5 Bc5
65.Kh4 Qg7  1/2-1/2

[Event "DSV-Turnier"]
[Site "Leipzig"]
[Date "1973.??.??"]
[Round "10"]
[White "Gruenberg, Hans Ulrich"]
[Black "Garcia Gonzales, Guillermo"]
[Result "1-0"]
[WhiteElo "2290"]
[BlackElo "2470"]

1.d4 Nf6 2.c4 e6 3.g3 c5 4.Nf3 cxd4 5.Nxd4 Be7 6.Bg2 O-O 7.O-O Nc6 8.Nc3 a6
9.b3 Qc7 10.Bb2 d6 11.Rc1 Nxd4 12.Qxd4 Bd7 13.Rfd1 Rfd8 14.Qf4 Rac8 15.Ne4 Nxe4
16.Bxe4 Bf8 17.Qh4 h6 18.Rd3 Bc6 19.Bxc6 Qxc6 20.Qd4 b5 21.Rdc3 Qc5 22.Qd3 b4
23.R3c2 g6 24.Rd2 Bg7 25.Bxg7 Kxg7 26.Rcd1 Kf6 27.Qf3+ Ke7 28.Qf4 Qg5 29.Qd4 Qc5
30.Qh4+ Qg5 31.Qe4 Rc7 32.Rd5 f5 33.Qd4 Qf6 34.Qxf6+ Kxf6 35.Rxd6 Rxd6 36.Rxd6 a5
37.Ra6 Rc5 38.f4 g5 39.Kf2 g4 40.Ke3 h5 41.Kd4 Rc8 42.Rxa5 h4 43.gxh4 Rh8
44.c5 Rxh4 45.c6 Rxh2 46.Ra8 g3 47.c7  1-0

[Event "Netanya-B"]
[Site "Netanya"]
[Date "1973.??.??"]
[Round "9"]
[White "Radashkovich, Itchak"]
[Black "Cardoso, Radolfo Tan"]
[Result "1-0"]
[WhiteElo "2425"]
[BlackElo "2400"]

1.d4 Nf6 2.c4 e6 3.g3 c5 4.Nf3 d5 5.Bg2 dxc4 6.O-O Nc6 7.Qa4 cxd4 8.Nxd4 Bd7
9.Nxc6 bxc6 10.Nd2 Nd5 11.Nxc4 Qc7 12.e4 Nb6 13.Bf4 Nxa4 14.Bxc7 Rc8 15.Nd6+ Bxd6
16.Bxd6 Nxb2 17.Rfb1 Nc4 18.Bc5 Rc7 19.Rb8+ Bc8 20.Bxa7 Ke7 21.Bc5+ Kf6 22.f4 Rb7
23.Rxb7 Bxb7 24.Rc1 Nd2 25.Be3 Rd8 26.Rd1 Nc4 27.Rxd8 Nxe3 28.Rd7 Ba6 29.e5+ Kg6
30.Bxc6 Bc4 31.a4 Nd5 32.Bxd5 exd5 33.Kf2  1-0

[Event "ARG-ch"]
[Site "Santa Fe"]
[Date "1973.??.??"]
[Round "12"]
[White "Jovanovich, M."]
[Black "Rebizzo, Cayetano"]
[Result "1-0"]
[WhiteElo "2200"]
[BlackElo "2200"]

1.d4 Nf6 2.c4 e6 3.g3 c5 4.d5 exd5 5.cxd5 d6 6.Bg2 g6 7.Nc3 Bg7 8.Nf3 O-O
9.O-O Re8 10.Nd2 a6 11.a4 Nbd7 12.Qc2 b6 13.Re1 Rb8 14.b3 b5 15.axb5 axb5
16.Bb2 Ne5 17.h3 Nh5 18.f4 Nd7 19.Kh2 Bd4 20.Nce4 Bxb2 21.Qxb2 Qe7 22.e3 Ng7
23.Ra7 Rb7 24.Ra6 Nf5 25.g4 Qh4 26.Nf3 Qe7 27.Nfd2 Qh4 28.Nf3 Qe7 29.Nfd2 Qh4
30.Re2 Nd4 31.exd4 f5 32.Nf3 Qe7 33.Ng3 Qf8 34.Rxe8 Qxe8 35.gxf5 Nb6 36.Ng5 c4
37.Ne6 cxb3 38.Ne4 Nc4 39.Qxb3 Rf7 40.fxg6 Bxa6  1-0

[Event "ARG-ch"]
[Site "Santa Fe"]
[Date "1973.??.??"]
[Round "15"]
[White "Pelikan, Jorge"]
[Black "Bronstein, Luis"]
[Result "1-0"]
[WhiteElo "2375"]
[BlackElo "2365"]

1.d4 Nf6 2.c4 e6 3.g3 c5 4.d5 exd5 5.cxd5 d6 6.Nc3 g6 7.Bg2 Bg7 8.Nf3 O-O
9.O-O Nbd7 10.Bf4 Qe7 11.a4 h6 12.Nb5 Ne8 13.Ra3 g5 14.Bc1 Ndf6 15.Nd2 a6
16.Nc3 Rb8 17.a5 Nc7 18.Nc4 Bd7 19.Na4 Nb5 20.Ra2 Rfe8 21.Re1 Nd4 22.b3 Bf5
23.e3 Bg4 24.f3 Bd7 25.Rf1 Nb5 26.g4 Nh7 27.Qd3 Nf8 28.Nab6 Ng6 29.h3 Nh4
30.f4 Nxg2 31.Rxg2 Nc3 32.fxg5 hxg5 33.Rgf2 f5 34.Nxd7 Qxd7 35.Rxf5 Ne4 36.Bb2 Bxb2
37.Nxb2 b5 38.axb6 Rxb6 39.Nc4 Rbb8 40.Ne5 dxe5 41.Qxe4 Qg7 42.d6 Rbd8 43.Rf6  1-0

[Event "URS-ch sf"]
[Site "Tbilisi"]
[Date "1973.??.??"]
[Round "11"]
[White "Zilberstein, Valery I"]
[Black "Vaganian, Rafael A"]
[Result "1/2-1/2"]
[WhiteElo "2470"]
[BlackElo "2500"]

1.d4 Nf6 2.c4 e6 3.g3 c5 4.Nf3 b6 5.d5 Ba6 6.Qc2 d6 7.dxe6 fxe6 8.Bh3 Bc8
9.Nc3 Nc6 10.O-O Be7 11.Ne4 Nxe4 12.Qxe4 d5 13.Qd3 O-O 14.Bf4 Bf6 15.Rad1 e5
16.Bxc8 Rxc8 17.Qxd5+ Qxd5 18.cxd5 exf4 19.dxc6 fxg3 20.hxg3 Bxb2 21.Rd2 Bf6
22.Rd6 Rf7 23.e4 Kf8 24.Kg2 Rfc7 25.e5 Be7 26.Rd7 a6 27.a4 Rxc6 28.Rb1 Rb8
29.Ra7 b5 30.axb5 axb5 31.Rd1 b4 32.Rdd7 Re6 33.Nd2 Rxe5 34.f4 Re2+ 35.Kf3 Re6
36.f5 Re5 37.Nc4 Re1 38.Kf2  1/2-1/2

[Event "FRG-ch"]
[Site "Menden"]
[Date "1974.??.??"]
[Round "?"]
[White "Reefschlaeger, Helmut"]
[Black "Ackermann, Hans Werner"]
[Result "1-0"]
[WhiteElo "2200"]
[BlackElo "2200"]

1.d4 Nf6 2.c4 e6 3.g3 c5 4.d5 exd5 5.cxd5 d6 6.Nc3 g6 7.Bg2 Bg7 8.Nf3 O-O
9.O-O Re8 10.Nd2 Nbd7 11.a4 Ne5 12.h3 g5 13.Qc2 h6 14.b3 Bd7 15.Bb2 a6 16.Nc4 Nxc4
17.bxc4 Rb8 18.Qd3 Qc8 19.g4 b5 20.axb5 axb5 21.Nxb5 Bxb5 22.cxb5 c4 23.Qf3 Rxb5
24.Bxf6 Rb3 25.e3 c3 26.Bxg7 Kxg7 27.Qd1 Rb4 28.Rc1 h5 29.Qd3 Rc4 30.gxh5 Rh8
31.Rc2 g4 32.hxg4 Qxg4 33.f3 Qh4 34.Rxc3 Ra4 35.Ra3 Rc4 36.f4 Rhc8 37.Qf5  1-0

[Event "Nice olm fin-B"]
[Site "Nice"]
[Date "1974.??.??"]
[Round "14"]
[White "De Bruycker, Bernard"]
[Black "Estevez Morales, Guillermo"]
[Result "1/2-1/2"]
[WhiteElo "2200"]
[BlackElo "2330"]

1.d4 Nf6 2.c4 e6 3.g3 c5 4.Nf3 cxd4 5.Nxd4 Nc6 6.Bg2 Bb4+ 7.Bd2 O-O 8.Nxc6 Bxd2+
9.Qxd2 dxc6 10.Qxd8 Rxd8 11.Nd2 e5 12.h3 Be6 13.b3 a5 14.O-O-O h6 15.Nb1 Nd7
16.Nc3 Kf8 17.Na4 Ke7 18.Rd2 Rab8 19.c5 Nf6 20.Rhd1 Bd5 21.Bxd5 Nxd5 22.e4 Nc7
23.Rxd8 Rxd8 24.Rxd8 Kxd8 25.Kd2 Ne6 26.h4 Ke7 27.a3 g5 28.hxg5 hxg5 29.b4 axb4
30.axb4 Nd4 31.Nb6 f6  1/2-1/2

[Event "Rimavska Sobota"]
[Site "Rimavska Sobota"]
[Date "1974.??.??"]
[Round "5"]
[White "Knezevic, Milorad"]
[Black "Ornstein, Axel"]
[Result "1-0"]
[WhiteElo "2420"]
[BlackElo "2430"]

1.d4 Nf6 2.c4 e6 3.g3 c5 4.Nf3 cxd4 5.Nxd4 d5 6.Bg2 e5 7.Nc2 d4 8.O-O Nc6
9.e3 Be7 10.exd4 exd4 11.Nd2 O-O 12.Nf3 d3 13.Ne3 h6 14.Ne1 Ne5 15.b3 Bc5
16.Bb2 Bd4 17.Qd2 Bxb2 18.Qxb2 Neg4 19.Rd1 Nxe3 20.fxe3 Qe7 21.Rxd3 Bg4 22.Qd2 Bh5
23.Rd4 Rfe8 24.Nd3 Rab8 25.Nf4 Bg4 26.Nd5 Nxd5 27.Bxd5 Be6 28.Bg2 b5 29.cxb5 Rxb5
30.Bc6 Reb8 31.Bxb5 Rxb5  1-0

[Event "Sombor"]
[Site "Sombor"]
[Date "1974.??.??"]
[Round "3"]
[White "Begovac, J."]
[Black "Lengyel, Levente"]
[Result "1/2-1/2"]
[WhiteElo "2200"]
[BlackElo "2420"]

1.d4 Nf6 2.c4 e6 3.g3 c5 4.Nf3 cxd4 5.Nxd4 d5 6.Bg2 e5 7.Nf3 d4 8.O-O Nc6
9.e3 Be7 10.exd4 exd4 11.Bf4 Qb6 12.Ne5  1/2-1/2

[Event "Winnipeg"]
[Site "Winnipeg"]
[Date "1974.??.??"]
[Round "?"]
[White "Segal, Alexandru Sorin"]
[Black "Garcia, Gildardo"]
[Result "1/2-1/2"]
[WhiteElo "2350"]
[BlackElo "2335"]

1.d4 Nf6 2.c4 e6 3.g3 c5 4.d5 exd5 5.cxd5 d6 6.Nc3 g6 7.Bg2 Bg7 8.Nf3 O-O
9.O-O Re8 10.Nd2 Nbd7 11.Nc4 Ne5 12.Ne3 g5 13.Qc2 Ng6 14.Nc4 h6 15.e4 b6
16.a4 a6 17.Bd2 Rb8 18.Rfe1 Qc7 19.Ne2 b5 20.axb5 axb5 21.Ne3 Qe7 22.Nf5 Bxf5
23.exf5 Ne5 24.f4 gxf4 25.Nxf4 Qd7 26.b3 b4 27.Rab1 Ra8 28.h3 Ra7 29.g4 Rea8
30.Bc1 Qb5 31.Kh1 Ra2 32.Rb2 Ra1 33.Rb1 Rxb1 34.Qxb1 c4 35.Bf1 Nxd5 36.bxc4 Nxc4
37.Nxd5 Qxd5+ 38.Bg2 Qa5 39.Bxa8 Qxa8+ 40.Qe4 d5 41.Qe8+ Qxe8 42.Rxe8+ Kh7
43.Re7 b3 44.Rxf7 Kg8 45.Rd7 b2 46.Bxb2 Bxb2 47.Rxd5 Bf6 48.Kh2 Bh4 49.Rc5 Nd2
50.Kg2 Ne4 51.Rc6 Kg7 52.Rg6+ Kh7 53.Re6 Ng5 54.Re7+ Kg8 55.Rb7 Kf8 56.Ra7 Kg8
57.Ra3 Kg7 58.Kf1 Kf6 59.Ke2 Ke5 60.Ra6 h5 61.Ra5+ Kf6 62.gxh5 Bg3 63.Rb5 Be5
64.h6 Nf7 65.h7 Kxf5 66.h4 Nh8 67.Ra5 Nf7 68.h5 Ke6 69.Ra6+ Kf5 70.Rg6 Bh8
71.Rg8 Bf6 72.Rf8 Nh8 73.Kf3 Kg5 74.Ke4  1/2-1/2

[Event "URS-ch otbor"]
[Site "Cheliabinsk"]
[Date "1975.??.??"]
[Round "?"]
[White "Rashkovsky, Nukhim N"]
[Black "Mikhalchishin, Adrian"]
[Result "1-0"]
[WhiteElo "2515"]
[BlackElo "2425"]

1.d4 Nf6 2.c4 e6 3.g3 c5 4.Nf3 cxd4 5.Nxd4 Bb4+ 6.Bd2 Qb6 7.Bxb4 Qxb4+ 8.Nc3 O-O
9.Qb3 Qc5 10.Rd1 a6 11.Bg2 Nc6 12.Nxc6 bxc6 13.O-O d5 14.Na4 Qa5 15.Qc2 Ra7
16.a3 Qc7 17.Rd3 Qe7 18.Rc1 Bd7 19.e3 e5 20.Rd2 Be6 21.Qc3 Qd6 22.Qa5 g6
23.b4 Qb8 24.Nc5 Bc8 25.Bf1 Qc7 26.Qxc7 Rxc7 27.Nd3 e4 28.Nc5 Re8 29.cxd5 Nxd5
30.Nxe4 Rxe4 31.Rxd5 Bb7 32.Ra5 Re8  1-0

[Event "Mercedes op"]
[Site "Mercedes"]
[Date "1975.??.??"]
[Round "8"]
[White "Foguelman, Alberto"]
[Black "Emma, C."]
[Result "1-0"]
[WhiteElo "2350"]
[BlackElo "2405"]

1.d4 Nf6 2.c4 e6 3.g3 c5 4.Nf3 cxd4 5.Nxd4 a6 6.Bg2 Qc7 7.b3 Nc6 8.O-O Nxd4
9.Qxd4 Bc5 10.Qd3 d6 11.Nc3 Bd7 12.Bf4 Bc6 13.Rad1 Bxg2 14.Kxg2 Qc6+ 15.f3 h6
16.Na4 O-O-O 17.Nxc5 dxc5 18.Qc3 Nh5 19.Be3 Qc7 20.b4 cxb4 21.Qxb4 Rxd1 22.Rxd1 Nf6
23.Bb6 Qc6 24.Rd6 Qe8 25.Qc5+ Kb8 26.Rd8+ Qxd8 27.Bxd8 Rxd8 28.Qe7 Rd2 29.Kf2 Rc2
30.Qf8+ Kc7 31.Qxf7+ Nd7 32.Qxg7 Rxc4 33.Qxh6 Kd6 34.h4 b5 35.h5 b4 36.Qg7  1-0

[Event "Quito"]
[Site "Quito"]
[Date "1975.??.??"]
[Round "4"]
[White "Rubinetti, Jorge A"]
[Black "Verduga, Denis Homero"]
[Result "1-0"]
[WhiteElo "2440"]
[BlackElo "2250"]

1.d4 Nf6 2.c4 e6 3.g3 c5 4.Nf3 b6 5.Bg2 Bb7 6.d5 exd5 7.Nh4 Na6 8.Nc3 Nc7
9.O-O g6 10.cxd5 d6 11.e4 Nd7 12.f4 Be7 13.e5 O-O 14.exd6 Bxd6 15.f5 Re8
16.Ne4 Rxe4 17.Bxe4 Qe7 18.Bg2 Re8 19.Bh6 Ne5 20.Qd2 f6 21.fxg6 hxg6 22.Rae1 Qf7
23.Bg5 f5 24.Rd1 Ng4 25.Rfe1 Rxe1+ 26.Rxe1 c4 27.h3 Bc5+ 28.Kh1 Nf2+ 29.Kh2 Bxd5
30.Nxg6 Nd3 31.Ne7+ Kh7 32.Nxd5 Nxd5 33.Rf1 Qe6 34.Qd1 Kg6 35.h4 Nf6 36.Bxf6 Qxf6
37.Qf3 Bd6 38.Qd5 Qxh4+ 39.Kg1 Qf6 40.Qg8+ Kh6 41.Qxc4 Nxb2 42.Qd5 f4 43.gxf4 Na4
44.Rf3 Nc5 45.Qg8  1-0

[Event "URS-chT"]
[Site "Riga"]
[Date "1975.??.??"]
[Round "?"]
[White "Zhemajitis, G."]
[Black "Grigorian, Karen Ashotovich"]
[Result "1/2-1/2"]
[WhiteElo "2200"]
[BlackElo "2520"]

1.d4 Nf6 2.c4 e6 3.g3 c5 4.Nf3 cxd4 5.Nxd4 a6 6.Bg2 Qc7 7.b3 Nc6 8.O-O Be7
9.Nc3 d6 10.h3 Bd7 11.e4 O-O 12.Be3 Rac8 13.Rc1 Qb8 14.Qd2 b5 15.cxb5 Nxd4
16.Bxd4 axb5 17.f4 Bc6 18.e5 dxe5 19.fxe5 Nd5 20.Nxd5 Bxd5 21.Bxd5 exd5  1/2-1/2

[Event "Rimavska Sobota"]
[Site "Rimavska Sobota"]
[Date "1975.??.??"]
[Round "9"]
[White "Hausner, Ivan"]
[Black "Adamski, Jan"]
[Result "1-0"]
[WhiteElo "2300"]
[BlackElo "2415"]

1.d4 Nf6 2.c4 e6 3.g3 c5 4.Nf3 b6 5.Bg2 Bb7 6.d5 exd5 7.Nh4 g6 8.Nc3 Bg7
9.cxd5 O-O 10.O-O d6 11.Bf4 a6 12.a4 h6 13.Bd2 Nbd7 14.e4 Re8 15.Qc2 c4 16.Rad1 Nc5
17.Be3 Rc8 18.f3 Nd3 19.Bd4 Nxd5 20.Bxg7 N5b4 21.Qd2 Kxg7 22.f4 Rc7 23.Qe3 Rc5
24.Rd2 d5 25.Qd4+ Kg8 26.Rxd3 Nxd3 27.exd5 Nb4 28.Rd1 Nc2 29.Qd2 Ne3 30.Re1 Nxg2
31.Rxe8+ Qxe8 32.Nxg2 f5 33.Qd4 Kf7 34.Ne3 Qc8 35.g4 Rc7 36.g5 hxg5 37.fxg5 Qd8
38.h4 Qe8 39.Kf2 b5 40.h5 gxh5 41.Nxf5 Kg8 42.Ne4 Qf8 43.Qe5 Rf7 44.Nf6+ Kh8
45.Ke2 Qd8 46.d6 Bc6 47.Nd5+ Kh7 48.Nde7 Rxe7 49.g6+ Kxg6 50.Nxe7+  1-0

[Event "Beersheba"]
[Site "Beersheba"]
[Date "1976.??.??"]
[Round "11"]
[White "Radashkovich, Itchak"]
[Black "Tatai, Stefano"]
[Result "0-1"]
[WhiteElo "2445"]
[BlackElo "2465"]

1.d4 Nf6 2.c4 e6 3.g3 c5 4.d5 exd5 5.cxd5 d6 6.Nc3 g6 7.Bg2 Bg7 8.Nf3 O-O
9.O-O Qe7 10.Nd2 b6 11.Nc4 Ba6 12.Qb3 Nbd7 13.a4 Ne5 14.Nxe5 Qxe5 15.Re1 Qe7
16.Nb5 Rfe8 17.Bf4 Bxb5 18.axb5 Nd7 19.Ra4 Ne5 20.Rea1 Qd7 21.Bf1 c4 22.Qb4 Rec8
23.Be3 Qc7 24.Rc1 Rab8 25.Bh3 f5 26.f4 Nf7 27.Rxc4 Qe7 28.Qd2 Rxc4 29.Rxc4 Bxb2
30.Bf2 Ba3 31.e4 Nh6 32.Qc2 Bc5 33.exf5 gxf5 34.Kg2 Qf7 35.Qd2 Re8 36.Ra4 Bxf2
37.Kxf2 Qh5 38.Bg2 Ng4+ 39.Kf1 Ne3+  0-1

[Event "Haifa ol (Men)"]
[Site "Haifa"]
[Date "1976.??.??"]
[Round "?"]
[White "Sosonko, Gennadi"]
[Black "Ornstein, Axel"]
[Result "1-0"]
[WhiteElo "2505"]
[BlackElo "2470"]

1.d4 Nf6 2.c4 e6 3.g3 c5 4.d5 exd5 5.cxd5 d6 6.Nc3 g6 7.Bg2 Bg7 8.Nf3 O-O
9.O-O Na6 10.h3 Re8 11.Nd2 Nc7 12.Nc4 Rb8 13.Bf4 Bf8 14.a4 a6 15.e4 b5 16.Na5 Bd7
17.Nc6 Bxc6 18.dxc6 b4 19.Nd5 Nxe4 20.Nxc7 Qxc7 21.Qd5 Nf6 22.Qxc5 Nh5 23.Qc4 Nxf4
24.Qxf4 Bg7 25.Qd2 b3 26.Rac1 Re5 27.Bd5 Rbe8 28.Bxb3 Re2 29.Qd3 Bxb2 30.Rc4  1-0

[Event "Kringsja"]
[Site "Oslo"]
[Date "1976.??.??"]
[Round "7"]
[White "Sande, Oystein"]
[Black "Antonsen, O."]
[Result "1-0"]
[WhiteElo "2350"]
[BlackElo "2200"]

1.d4 Nf6 2.c4 e6 3.g3 c5 4.Nf3 cxd4 5.Nxd4 Bb4+ 6.Bd2 Qb6 7.Bxb4 Qxb4+ 8.Qd2 Qxc4
9.Nc3 Nc6 10.Ndb5 O-O 11.Nd6 Qd4 12.Rd1 Qxd2+ 13.Rxd2 Rd8 14.Bg2 Ne8 15.Nxe8 Rxe8
16.Nb5 Re7 17.Nd6 Rb8 18.O-O f6 19.Rc1 b6 20.b4 a6 21.a4 b5 22.a5 Bb7 23.Nxb7 Rxb7
24.Bxc6 Rc7 25.Rdc2 dxc6 26.Rxc6 Ra7 27.e3 Kf7 28.Kf1 e5 29.Ke2 Red7 30.Rb6 Rdc7
31.Rxa6 Rxc1 32.Rxa7+ Ke6 33.Rb7 Rc2+ 34.Kf3 e4+ 35.Kg2 Kd6 36.Rxb5 Kc6 37.Rb6+ Kc7
38.Re6 Rc4 39.b5 Rc5 40.b6+ Kd7 41.b7  1-0

[Event "Pernik"]
[Site "Pernik"]
[Date "1976.??.??"]
[Round "5"]
[White "Inkiov, Ventzislav"]
[Black "Djuric, Stefan"]
[Result "0-1"]
[WhiteElo "2330"]
[BlackElo "2310"]

1.d4 Nf6 2.c4 e6 3.g3 c5 4.d5 exd5 5.cxd5 b5 6.Bg2 d6 7.a4 Qa5+ 8.Bd2 b4
9.b3 Nbd7 10.Bg5 Be7 11.Nd2 Ba6 12.Ngf3 h6 13.Bxf6 Bxf6 14.Rc1 O-O 15.O-O Rfe8
16.Nc4 Bxc4 17.Rxc4 Nb6 18.Rg4 c4 19.bxc4 Nxa4 20.Qd2 h5 21.Rf4 Qd8 22.e4 a5
23.h4 Nc5 24.Nd4 Bxd4 25.Qxd4 a4 26.Qd1 g6 27.Qf3 Ra7 28.g4 Qxh4 29.gxh5 Qxh5
30.Qg3 Qe5 31.Qh4 a3 32.Rg4 a2 33.f4 Qd4+ 34.Kh2 a1=Q 35.Rxa1 Rxa1  0-1

[Event "URS-ch otbor"]
[Site "Rostov"]
[Date "1976.??.??"]
[Round "?"]
[White "Gofshtein, Leonid D"]
[Black "Zaid, Leonid D"]
[Result "1-0"]
[WhiteElo "2200"]
[BlackElo "2400"]

1.d4 Nf6 2.c4 e6 3.g3 c5 4.Nf3 cxd4 5.Nxd4 d5 6.Bg2 e5 7.Nf3 d4 8.O-O Nc6
9.e3 Bg4 10.h3 Bxf3 11.Bxf3 Bc5 12.exd4 Bxd4 13.Nc3 O-O 14.g4 Re8 15.Bg2 Na5
16.Ne2 h6 17.Ng3 Nxc4 18.Qe2 Nd6 19.g5 Nh7 20.gxh6 g6 21.Kh2 Kh8 22.Qd3 f5
23.Ne2 Bb6 24.Rd1 Bc7 25.Nc3 Rc8 26.Qg3 Qf6 27.Nd5 Qe6 28.f4 Bb8 29.fxe5 Nc4
30.Nf4 Bxe5 31.Nxe6 Bxg3+ 32.Kxg3 Rxe6 33.Bxb7 Rce8 34.Bd5 Rd6 35.Bf4 Ne5
36.Bf7 Rxd1 37.Bxe5+ Rxe5 38.Rxd1 Ng5 39.Bxg6 Ne6 40.Rc1 Nc5 41.b4 Re3+ 42.Kf2 Nd3+
43.Kxe3 Nxc1 44.Bf7 f4+ 45.Kd2  1-0

[Event "URS-FL"]
[Site "Baku"]
[Date "1977.??.??"]
[Round "2"]
[White "Razuvaev, Yuri S"]
[Black "Pereszupkin, Alexander"]
[Result "1/2-1/2"]
[WhiteElo "2510"]
[BlackElo "2395"]

1.d4 Nf6 2.c4 e6 3.g3 c5 4.d5 exd5 5.cxd5 g6 6.Nc3 Bg7 7.Bg2 O-O 8.Nf3 d6
9.O-O Bg4 10.Nd2 Qd7 11.a4 Bh3 12.Nc4 Bxg2 13.Kxg2 Qe7 14.Qc2 Na6 15.e4 Nb4
16.Qe2 Rad8 17.Re1 Rfe8 18.Bg5 h6 19.Bxf6 Bxf6 20.Rad1 a6 21.Qd2 Qf8 22.a5 Kh7
23.f3 Bg7 24.Re2 Bf6 25.Ree1 Bg7 26.Re2 Bf6 27.Ree1  1/2-1/2

[Event "Lone Pine"]
[Site "Lone Pine"]
[Date "1977.??.??"]
[Round "2"]
[White "Martinovsky, Eugene"]
[Black "Regan, Kenneth"]
[Result "0-1"]
[WhiteElo "2200"]
[BlackElo "2375"]

1.d4 Nf6 2.c4 e6 3.g3 c5 4.Nf3 d5 5.cxd5 Nxd5 6.Bg2 Nc6 7.O-O Be7 8.Nc3 O-O
9.e4 Nxc3 10.bxc3 Na5 11.Qe2 Qe8 12.Rd1 Qa4 13.d5 exd5 14.exd5 Re8 15.Be3 Bf6
16.Qd3 Nc4 17.Re1 Nxe3 18.fxe3 c4 19.Qd2 Bf5 20.Nd4 Be4 21.Bxe4 Rxe4 22.Rab1 Qd7
23.Qb2 b6 24.Qb5 Qe7 25.Qxc4 Bxd4 26.cxd4 Rxe3 27.Qc3 Re4 28.Rf1 Qd7 29.Qc6 Rd8
30.Rbc1 f6 31.Rfd1 Qxd5 32.Qxd5+ Rxd5 33.Rc7 a5 34.Rb7 Rexd4 35.Rxd4 Rxd4
36.Rxb6 Rd1+ 37.Kg2 Rd2+ 38.Kh3 Rxa2 39.Ra6 h5 40.Ra8+ Kh7 41.Ra7 Kg6 42.Rc7 Kh6
43.Rc6 a4 44.Ra6 a3 45.Rc6 Rf2 46.Ra6 a2 47.g4 hxg4+ 48.Kg3 Rb2 49.Ra4 f5
50.Ra7 g5 51.h4 Rb3+  0-1